| 000 | 00726nam a2200217 i 4500 | ||
|---|---|---|---|
| 001 | 23348 | ||
| 003 | ES-MaACL | ||
| 005 | 20231111062524.0 | ||
| 007 | t| | ||
| 008 | 021210s1952 sp ||||1| spa d | ||
| 080 | _a811.134.2(091) | ||
| 080 | _a821.134.2.09 | ||
| 100 | 1 |
_aAlvarez Angulo, Tomás. _920692 |
|
| 245 | 1 | 0 |
_aOrigen y formación del idioma español y de su literatura : _bconferencia pronunciada en la Sorbona el 15 de marzo de 1952 / _cTomás Álvarez Angulo. |
| 260 |
_aMadrid : _b[s.n.], _c1952. |
||
| 300 |
_a31 p. ; _c24 cm. |
||
| 650 | 4 |
_aLengua española- _vHistoria. _914166 |
|
| 650 | 4 |
_aLiteratura española- _xHistoria y crítica _914560 |
|
| 852 | 4 |
_aES-MaACL _j1944-F-8 |
|
| 999 |
_c23348 _d23348 |
||